000 01173nam a22003497a 4500
001 BR8401118
003 BR-BrBNA
005 20230928091901.0
007 ta
008 230509b bl.||||| |||| 00| 0 por d
040 _aBR-BrBNA
_bpor
_cBiblioteca Nacional de Agricultura
041 _a(Por)
072 _aF40
_b0120
_b/G514
090 _ 0120 BR8401118
100 1 _aKroll, L.B.
110 1 _aEscola Superior de Agricultura Luiz de Queiroz, Piracicaba, SP (Brasil)
_0Tese (Mestre em Agronomia)
245 1 _aAreas de adaptacao a cultura do milho, na regiao centro do Brasil, a partir de analises de grupos de experimentos [Zea mays]
246 1 _aAdaptation areas to maize cropping in central Brazil beginning by the analysis of groups of experiments [Zea mays]
260 3 _aPiracicaba, SP (Brasil):
_c1983.
300 _a64 p.
500 _a21 tables; 31 ref.; Summaries (Eng, Por)
650 _aMILHO
650 _aZONEAMENTO AGRICOLA
650 _aACLIMATACAO
650 _aGOIAS
650 _aMINAS GERAIS
650 _aMATO GROSSO DO SUL
650 _aPARANA
650 _aSAO PAULO
909 _a202309
_bLucia
_c55
_dLucia Elande
942 _cBK
999 _c36034
_d36034